00677cam a2200229 a 450000100060000000300080000600500170001400800390003103500130007003500190008304000420010204100080014408200150015210000370016724500790020426000480028330000240033150000130035550400300036860000330039883000160043121324BD-RjUL20211209000655.0140304s1964 nyu b 000 0 eng a64-10062 a(BD-RjUL)21388 aDLCcWSUdOCLdSERdOCLdBD-RjULbeng aeng a827.5bDAJ1 aDavis, Herbert John,d1893-1967.10aJonathan Swift :bessays on his satire and other studies /cHerbert Davis. aNew York :bOxford University Press,c1964. avi, 292 p. ;c21 cm a"GB106." aBibliographical footnotes10aSwift, Jonathan,d1667-1745. 0aGalaxy book